PATHOLOGY (Record no. 11320)
[ view plain ]
| 000 -LEADER | |
|---|---|
| fixed length control field | 00294nam a22001457a 4500 |
| 003 - CONTROL NUMBER IDENTIFIER | |
| control field | SGT |
| 020 ## - INTERNATIONAL STANDARD BOOK NUMBER | |
| International Standard Book Number | 81-8448-078-4 |
| 082 ## - DEWEY DECIMAL CLASSIFICATION NUMBER | |
| Classification number | 616.07 |
| Item number | P07M |
| 100 ## - MAIN ENTRY--PERSONAL NAME | |
| Personal name | MOHAN, HARSH |
| 245 ## - TITLE STATEMENT | |
| Title | PATHOLOGY |
| 260 ## - PUBLICATION, DISTRIBUTION, ETC. (IMPRINT) | |
| Place of publication, distribution, etc | NEW DELHI |
| Name of publisher, distributor, etc | JAYPEE |
| Year of Publication | 2007 |
| 300 ## - PAGE DESCRIPTION | |
| No. of Pages | 245 |
| 650 ## - SUBJECT ADDED ENTRY--TOPICAL TERM | |
| Topical term or geographic name as entry element | AYURVEDA |
| 942 ## - ADDED ENTRY ELEMENTS (KOHA) | |
| Source of classification or shelving scheme | Dewey Decimal Classification |
| Koha item type | Books |
| Withdrawn status | Lost status | Source of classification or shelving scheme | Damaged status | Not for loan | Collection code | Home library | Current library | Shelving location | Date acquired | Vendor Name | Cost, normal purchase price | SGTU | Bill Number | Total Checkouts | Full call number | Accession No. (Barcode) | Date last seen | Date last borrowed | Bill Date | Koha item type |
|---|---|---|---|---|---|---|---|---|---|---|---|---|---|---|---|---|---|---|---|---|
| Dewey Decimal Classification | AYURVEDA | SGT FA-FP Library | SGT FA-FP Library | Text Book | 27/03/2017 | AHUJA PUB | 550.00 | SGTU | 7718 | 1 | 616.07 P07M | FA5561 | 16/11/2017 | 16/10/2017 | 11/02/2017 | Books | ||||
| Dewey Decimal Classification | AYURVEDA | SGT FA-FP Library | SGT FA-FP Library | Text Book | 27/03/2017 | AHUJA PUB | 550.00 | SGTU | 7718 | 616.07 P07M | FA5562 | 27/03/2017 | 11/02/2017 | Books | ||||||
| Dewey Decimal Classification | AYURVEDA | SGT FA-FP Library | SGT FA-FP Library | Text Book | 27/03/2017 | AHUJA PUB | 550.00 | SGTU | 7718 | 616.07 P07M | FA5563 | 27/03/2017 | 11/02/2017 | Books | ||||||
| Dewey Decimal Classification | AYURVEDA | SGT FA-FP Library | SGT FA-FP Library | Text Book | 27/03/2017 | AHUJA PUB | 550.00 | SGTU | 7718 | 616.07 P07M | FA5564 | 27/03/2017 | 11/02/2017 | Books | ||||||
| Dewey Decimal Classification | AYURVEDA | SGT FA-FP Library | SGT FA-FP Library | Text Book | 27/03/2017 | AHUJA PUB | 550.00 | SGTU | 7718 | 616.07 P07M | FA5565 | 27/03/2017 | 11/02/2017 | Books | ||||||
| Dewey Decimal Classification | AYURVEDA | SGT FA-FP Library | SGT FA-FP Library | Text Book | 27/03/2017 | AHUJA PUB | 550.00 | SGTU | 7718 | 616.07 P07M | FA5566 | 27/03/2017 | 11/02/2017 | Books | ||||||
| Dewey Decimal Classification | AYURVEDA | SGT FA-FP Library | SGT FA-FP Library | Text Book | 27/03/2017 | AHUJA PUB | 550.00 | SGTU | 7718 | 616.07 P07M | FA5567 | 27/03/2017 | 11/02/2017 | Books | ||||||
| Dewey Decimal Classification | AYURVEDA | SGT FA-FP Library | SGT FA-FP Library | Text Book | 27/03/2017 | AHUJA PUB | 550.00 | SGTU | 7718 | 616.07 P07M | FA5568 | 27/03/2017 | 11/02/2017 | Books | ||||||
| Dewey Decimal Classification | AYURVEDA | SGT FA-FP Library | SGT FA-FP Library | Text Book | 27/03/2017 | AHUJA PUB | 550.00 | SGTU | 7718 | 616.07 P07M | FA5569 | 27/03/2017 | 11/02/2017 | Books | ||||||
| Dewey Decimal Classification | AYURVEDA | SGT FA-FP Library | SGT FA-FP Library | Text Book | 27/03/2017 | AHUJA PUB | 550.00 | SGTU | 7718 | 616.07 P07M | FA5570 | 27/03/2017 | 11/02/2017 | Books |